La insurrección armada / (Record no. 111729)

MARC details
000 -LEADER
campo de control de longitud fija 00805nam a2200253 i 4500
001 - NÚMERO DE CONTROL
campo de control 111729
003 - IDENTIFICADOR DE NÚMERO DE CONTROL
campo de control ES-MaACL
005 - FECHA Y HORA DE LA ÚLTIMA TRANSACCIÓN
campo de control 20250818070629.0
007 - CAMPO FIJO DE DESCRIPCIÓN FÍSICA--INFORMACIÓN GENERAL
campo de control de longitud fija t|
008 - DATOS DE LONGITUD FIJA--INFORMACIÓN GENERAL
campo de control de longitud fija 061121s1932 sp r ||||1| spa d
100 1# - ENTRADA PRINCIPAL--NOMBRE DE PERSONA
Nombre de persona Neuberg, A.
9 (RLIN) 85428
245 13 - MENCIÓN DEL TÍTULO
Título La insurrección armada /
Mención de responsabilidad, etc. A. Neuberg; versión española de Luis Curiel y Marino Vela.
260 ## - PUBLICACIÓN, DISTRIBUCIÓN, ETC.
Lugar de publicación, distribución, etc. Madrid :
Nombre del editor, distribuidor, etc. Ed. Roja,
Fecha de publicación, distribución, etc. 1932.
300 ## - DESCRIPCIÓN FÍSICA
Extensión 410 p. ;
Dimensiones 19 x 13.
490 1# - MENCIÓN DE SERIE
Mención de serie Libros proletarios
500 ## - NOTA GENERAL
Nota general A. Neuberg : Seudónimo colectivo de Tujachevski [et al.]
650 07 - PUNTO DE ACCESO ADICIONAL DE MATERIA--TÉRMINO DE MATERIA
Término de materia o nombre geográfico como elemento de entrada Revoluciones
Fuente del encabezamiento o término embne
9 (RLIN) 16897
650 04 - PUNTO DE ACCESO ADICIONAL DE MATERIA--TÉRMINO DE MATERIA
Término de materia o nombre geográfico como elemento de entrada Comunismo-
Subdivisión de forma Historia
9 (RLIN) 11222
700 1# - ENTRADA AGREGADA--NOMBRE PERSONAL
Nombre de persona Curiel, Luis.
9 (RLIN) 42218
700 1# - ENTRADA AGREGADA--NOMBRE PERSONAL
Nombre de persona Vela, Marino.
9 (RLIN) 164119
830 0# - PUNTO DE ACCESO ADICIONAL DE SERIE-TÍTULO UNIFORME
Título uniforme Libros proletarios
9 (RLIN) 233084
852 ## - LOCALIZACIÓN
Ubicación ES-MaACL
Número de control de estantería A-799
Holdings
Estatus retirado Estado de pérdida Estado de daño No para préstamo Biblioteca de origen Biblioteca actual Ubicación en estantería Fecha de adquisición Fuente de adquisición Total de préstamos Signatura topográfica completa Código de barras Visto por última vez Precio de reemplazo Tipo de ítem Koha
        Biblioteca del Ateneo de Madrid Biblioteca del Ateneo de Madrid Sala Pecera Planta 1 17/01/2008     A-799 1116553 23/02/2023 23/02/2023 Libro impreso